Gazetteer of the province of Sindh Larkana district / (Record no. 330737)
[ view plain ]
| 000 -LEADER | |
|---|---|
| fixed length control field | 01050cam a2200325 a 4500 |
| 001 - CONTROL NUMBER | |
| control field | 13940707 |
| 003 - CONTROL NUMBER IDENTIFIER | |
| control field | NUST |
| 005 - DATE AND TIME OF LATEST TRANSACTION | |
| control field | 20180116123014.0 |
| 008 - FIXED-LENGTH DATA ELEMENTS--GENERAL INFORMATION | |
| fixed length control field | 040122s2003 pk b 001 0 eng |
| 010 ## - LIBRARY OF CONGRESS CONTROL NUMBER | |
| LC control number | 2003344641 |
| 020 ## - INTERNATIONAL STANDARD BOOK NUMBER | |
| International Standard Book Number | 9695290078 |
| 025 ## - OVERSEAS ACQUISITION NUMBER | |
| Overseas acquisition number | P-E-2003344641; 17 |
| 035 ## - SYSTEM CONTROL NUMBER | |
| System control number | (DLC) 2003344641 |
| 040 ## - CATALOGING SOURCE | |
| Original cataloging agency | DLC |
| Transcribing agency | DLC |
| Modifying agency | DLC |
| 042 ## - AUTHENTICATION CODE | |
| Authentication code | lcode |
| 043 ## - GEOGRAPHIC AREA CODE | |
| Geographic area code | a-pk--- |
| 050 00 - LIBRARY OF CONGRESS CALL NUMBER | |
| Classification number | DS392.L38 |
| Item number | G39 2003 |
| 082 00 - DEWEY DECIMAL CLASSIFICATION NUMBER | |
| Classification number | 954.918 |
| Author Mark | GAZ |
| 245 00 - TITLE STATEMENT | |
| Title | Gazetteer of the province of Sindh Larkana district / |
| Statement of responsibility, etc. | compiled by J.W. Smyth. |
| 246 30 - VARYING FORM OF TITLE | |
| Title proper/short title | Larkana district |
| 260 ## - PUBLICATION, DISTRIBUTION, ETC. | |
| Place of publication, distribution, etc. | Karachi : |
| Name of publisher, distributor, etc. | Indus Publications, |
| Date of publication, distribution, etc. | 2003. |
| 300 ## - PHYSICAL DESCRIPTION | |
| Extent | 98 p. : |
| Other physical details | map. ; |
| Dimensions | 23 cm. |
| 500 ## - GENERAL NOTE | |
| General note | Orginally published: 1919. |
| 500 ## - GENERAL NOTE | |
| General note | Includes index. |
| 651 #0 - SUBJECT ADDED ENTRY--GEOGRAPHIC NAME | |
| Geographic name | Lārkāna District (Pakistan) |
| 9 (RLIN) | 3715 |
| 700 1# - ADDED ENTRY--PERSONAL NAME | |
| Personal name | Smyth, J. W. |
| 9 (RLIN) | 1303 |
| 906 ## - LOCAL DATA ELEMENT F, LDF (RLIN) | |
| a | 7 |
| b | cbc |
| c | origode |
| d | 3 |
| e | ncip |
| f | 20 |
| g | y-gencatlg |
| 942 ## - ADDED ENTRY ELEMENTS (KOHA) | |
| Source of classification or shelving scheme | |
| Koha item type | Book |
| Withdrawn status | Lost status | Source of classification or shelving scheme | Damaged status | Not for loan | Collection code | Permanent Location | Current Location | Shelving location | Date acquired | Total Checkouts | Full call number | Barcode | Date last seen | Copy number | Price effective from | Koha item type |
|---|---|---|---|---|---|---|---|---|---|---|---|---|---|---|---|---|
| Central Library (CL) | Central Library (CL) | Book Cart | 08/02/2017 | 954.918 GAZ | CL2879 | 09/20/2022 | 1 | 08/02/2017 | Book |
